Conception in the human female /

Bibliographic Details
Main Author: Edwards, R. G. (Robert Geoffrey), 1925-2013
Format: Book
Language:English
Published: London ; New York : Academic Press, 1980.
Subjects:

MARC

Tag First Indicator Second Indicator Subfields
LEADER 00000cam a22000008a 4500
001 in00000086373
005 20151008062702.0
008 800721s1980 enkaf b 00110 engm
010 |a  80040423  
015 |a GB80 
020 |a 0122324501 
035 |a (OCoLC)06581191 
035 |9 AAK0733AM 
040 |a DLC  |c DLC  |d m.c.  |d OCL  |d CUX  |d TXA  |d UtOrBLW 
049 |a TXAM  |c [1673469] 
050 0 0 |a QP273  |b  E38 
060 0 |a WQ205 E256c 
082 0 |a 612/.62  |2 19 
100 1 |a Edwards, R. G.  |q (Robert Geoffrey),  |d 1925-2013. 
245 1 0 |a Conception in the human female /  |c by Robert G. Edwards. 
263 |a 8009 
264 1 |a London ;  |a New York :  |b Academic Press,  |c 1980. 
300 |a xvi, 1087 pages, 1 unnumbered leaf of plates :  |b illustrations (some color) ;  |c 25 cm. 
336 |a text  |b txt  |2 rdacontent 
337 |a unmediated  |b n  |2 rdamedia 
338 |a volume  |b nc  |2 rdacarrier 
504 |a Includes bibliographies and index. 
650 0 |a Conception. 
650 2 |a Fertilization. 
650 2 |a Reproduction. 
650 2 |a Microscopy, Electron. 
999 |a MARS 
999 f f |s 66f0ded1-47cf-3fe4-92b2-f4cc9191a8c1  |i c217318b-a202-3b7b-9269-9b886f151fc0  |t 0 
952 f f |p ric  |a Texas A&M University  |b Rellis Campus  |c Joint Library Facility  |d Remote Storage  |t 0  |e QP273 E38  |h Library of Congress classification  |i unmediated -- volume  |m A14805957568 
998 f f |a QP273 E38  |t 0  |l Remote Storage